|
|
|
|
| LEADER |
01116cam a2200325 a 4500 |
| 001 |
c000215044 |
| 003 |
CARM |
| 005 |
20000911200810.0 |
| 008 |
840710s1984 enka b 001 0 eng |
| 019 |
1 |
|
|a 3395624
|z 23862274
|z 23667950
|5 LACONCORD2021
|
| 020 |
|
|
|a 0709900465 :
|c $29.95
|
| 035 |
|
|
|a (OCoLC)10913670
|5 LACONCORD2021
|
| 040 |
|
|
|a LC
|b eng
|c LC
|d SSL
|
| 050 |
|
4 |
|a LB1032
|b .J35 1984
|
| 050 |
0 |
0 |
|a LB1032
|b .J35 1984
|
| 082 |
0 |
4 |
|a 378.1795
|
| 082 |
0 |
4 |
|a 378/.1795
|2 19
|
| 100 |
1 |
|
|a Jaques, David.
|
| 245 |
1 |
0 |
|a Learning in groups /
|c David Jaques.
|
| 260 |
|
|
|a London ;
|a Dover, N.H. :
|b Croom Helm,
|c c1984.
|
| 300 |
|
|
|a xviii, 318 p. :
|b ill. ;
|c 23 cm.
|
| 440 |
|
0 |
|a New patterns of learning.
|
| 500 |
|
|
|a Includes index.
|
| 504 |
|
|
|a Bibliography: p. 289-307.
|
| 505 |
0 |
|
|a Includes index.
|
| 650 |
|
0 |
|a Group work in education.
|
| 650 |
|
0 |
|a Social groups.
|
| 852 |
8 |
|
|b CARM
|h A2:AM21A0
|i B05899
|p 0254665
|f BK
|
| 999 |
f |
f |
|i 0a3bebec-994f-5c58-a3d6-7ee0dfe64487
|s 87608447-dcc8-5265-89b8-2ce976a20762
|
| 952 |
f |
f |
|p Can circulate
|a CAVAL
|b CAVAL
|c CAVAL
|d CARM 1 Store
|e B05899
|f A2:AM21A0
|h Other scheme
|i book
|m 0254665
|